Demi Lovato Songs By Album - Statistics

General Stats
  • This quiz has been taken 721 times
    488 since last reset
  • The average score is 49 of 94
Answer Stats
Album Song % Correct
Confident Confident
94%
Don't Forget Don't Forget
90%
Tell Me You Love Me Tell Me You Love Me
90%
Demi Heart Attack
86%
Unbroken Skyscraper
86%
Unbroken Skyscraper (Wizz Dumb Remix)
86%
Confident Cool For The Summer
82%
Confident (Deluxe Edition) Cool for the Summer (Jump Smokers Remix)
82%
Confident (Deluxe Edition) Cool for the Summer (Suraci Remix)
82%
Here We Go Again Here We Go Again
82%
Don't Forget La La Land
80%
Don't Forget (Japanese Bonus Track) La La Land (Caramel Pod D Remix)
80%
Unbroken Unbroken
80%
Tell Me You Love Me Sorry Not Sorry
77%
Tell Me You Love Me (Deluxe Edition) Sorry Not Sorry (Acoustic)
77%
Unbroken Give Your Heart A Break
76%
Demi Neon Lights
75%
Demi Made In The USA
72%
Confident Stone Cold
72%
Demi Really Don't Care (ft Cher Lloyd)
71%
Don't Forget Get Back
64%
Demi Warrior
63%
Confident Father
61%
Here We Go Again Solo
61%
Confident Lionheart
59%
Here We Go Again Remember December
59%
Demi Nightingale
58%
Tell Me You Love Me Ruin the Friendship
57%
Tell Me You Love Me Daddy Issues
56%
Here We Go Again Catch Me
54%
Unbroken For The Love Of A Daughter
54%
Demi In Case
54%
Confident Kingdom Come (ft Iggy Azalea)
54%
Unbroken Fix A Heart
52%
Tell Me You Love Me Hitchhiker
52%
Tell Me You Love Me Lonely (ft Lil Wayne)
52%
Non Album Song Sober
52%
Tell Me You Love Me Cry Baby
51%
Unbroken Lightweight
50%
Tell Me You Love Me Sexy Dirty Love
50%
Demi Two Pieces
50%
Tell Me You Love Me You Don't Do It for Me Anymore
50%
Tell Me You Love Me Games
49%
Confident (Deluxe Edition) Mr Hughes
49%
Don't Forget Trainwreck
49%
Confident Yes
49%
Confident Old Ways
48%
Tell Me You Love Me Only Forever
48%
Unbroken Together (ft Jason Derulo)
48%
Unbroken Who's That Boy (ft Dev)
48%
Don't Forget On The Line (ft The Jonas Brothers)
47%
Confident (Deluxe Edition) Stars
47%
Tell Me You Love Me Concentrate
46%
Demi Fire Starter
46%
Confident For You
46%
Don't Forget Party
46%
Confident Waitin' For You (ft Sirah)
46%
Demi Shouldn't Come Back
45%
Confident Wildfire
45%
Unbroken All Night Long (ft Missy Elliott)
44%
Here We Go Again (Bonus Track) Gift Of A Friend
44%
Don't Forget Two Worlds Collide
44%
Don't Forget Believe In Me
43%
Unbroken Hold Up
43%
Demi Without The Love
43%
Here We Go Again Got Dynamite
42%
Unbroken My Love Is Like A Star
42%
Demi Something That We're Not
42%
Unbroken You're My Only Shorty (ft Iyaz)
42%
Tell Me You Love Me (Deluxe Edition) Instruction (Jax Jones ft Demi Lovato and Stefflon Don)
41%
Unbroken Mistake
40%
Tell Me You Love Me (Target Edition) Smoke & Mirrors
40%
Unbroken In Real Life
39%
Demi Never Been Hurt
38%
Tell Me You Love Me (Deluxe Edition) No Promises (Acoustic)
38%
Here We Go Again Every Time You Lie
37%
Here We Go Again Quiet
37%
Don't Forget The Middle
37%
Here We Go Again (Bonus Track) So Far, So Great
36%
Don't Forget Gonna Get Caught
35%
Don't Forget Until You're Mine
35%
Here We Go Again Stop The World
34%
Here We Go Again World Of Chances
34%
Here We Go Again Everything You're Not
33%
Here We Go Again Falling Over Me
31%
Demi (Target Bonus Track) I Hate You, Don't Leave Me
29%
Tell Me You Love Me (Target Edition) Ready For Ya
29%
Here We Go Again U Got Nothing On Me
24%
Don't Forget (International Digital Bonus Track) Back Around
23%
Don't Forget (Deluxe Edition) Behind Enemy Lines
22%
Unbroken (International Edition) Rascacielo
22%
Unbroken (Japanese Deluxe Edition) Aftershock
20%
Don't Forget (Deluxe Edition) Lo Que Soy
20%
Unbroken (Japanese Deluxe Edition) Yes I Am
19%
No matching quizzes found
Score Distribution
Percent of People with Each Score
Percentile by Number Answered
Your Score History
You have not taken this quiz since the last reset